000 01456nam a22002777a 4500
003 OSt
005 20221213140202.0
008 221213s2007 ck a|||cr|||| 00| j spa d
020 _a9789583018688
040 _aCO-JMCR
_cCO-JMCR
041 0 _aspa
082 0 4 _aC /
_bBASe
100 1 _aBastidas Padilla, Carlos,
_eautor
_942522
245 1 0 _aÉrase una vez un libro :
_bla historia maravillosa del libro contada a los niños como un cuento /
_cCarlos Bastidas Padilla ; ilustraciones, Yody Castro
250 _aPrimera edición
260 _aBogotá :
_bPanamericana,
_c2007
300 _a123 páginas :
_bilustraciones a color ;
_c21 cm
490 0 _aCorcel
500 _aIncluye datos biográficos del autor en la pasta
520 3 _aUn libro llamado El maravilloso libro de los antiguos secretos usados por los sacerdotes egipcios en sus prácticas mágicas le cuenta su historia a un niño a punto de dormirse; pero lo que le cuenta no es su contenido sino su recorrido por el mundo y los sucesos de los libros. "Antes de que tus ojos se llenen de sueños y el mundo se vuelva tan menudito que entre canciones se refugie en tu alma, quiero contarte la historia de cómo fui antes de ser como ahora soy"
650 1 4 _aCuentos infantiles colombianos
_ySiglo XXI
_914019
650 2 4 _aLibros
_xHistoria
_vCuentos
_942523
650 2 4 _aLibros ilustrados para niños
700 1 _aCastro, Yody Giovanni,
_eilustrador
_942524
942 _2ddc
_cBK
999 _c29793
_d16177